| 000 | 00470nam a2200181Ia 4500 | ||
|---|---|---|---|
| 003 | GCL | ||
| 008 | 140319s9999 xx 000 0 eng d | ||
| 040 |
_aGCL / _cGCL |
||
| 082 | 0 | 4 |
_a183.2 _bV S |
| 100 | 1 | _aVLASTOS, GREGORY | |
| 245 | 1 | 0 |
_aSOCRATIC STUDIES / _cVLASTOS, GREGORY |
| 700 | 1 | _aBURNYEAT, MYLES | |
| 260 |
_a[S.N] : _bCAMBRIBGE UNIVERSITY PRESS ، _c1994 |
||
| 300 | _a152 P | ||
| 650 | 0 | 4 | _aATHENIAN - PHILOSOPHY |
| 650 | 0 | 4 | _aSOCRATES |
| 942 |
_2ddc _cBK |
||
| 999 |
_c20856 _d20856 |
||